000 00340nam a2200121Ia 4500
005 20251222154401.0
008 251222s9999||||xx |||||||||||||| ||spa||
020 _a9972-50-050-0
082 _a580.985/U24
100 _a"Ugent, DonaldOchoa, Carlos M."
245 0 _aLa etnobotĂșnica del PerĂș: Desde la prehistoria al presente
942 _cLIB
999 _c35286
_d35286